000 00580nam a22001817a 4500
999 _c61611
_d61611
005 20240329141810.0
008 240329s2018 enk||||| |||| 00| 0 eng d
020 _a9781484234310
041 _aeng
080 _a621.07 H-88
100 _aHulten, Geoff
_921632
245 _aBuilding Intelligent Systems:
_bA Guide to Machine Learning Engineering /
_cGeoff Hulten.
264 _aLynwood :
_bApress,
_c2018.
300 _a340 p.;
_b26 cm.
653 _aმანქანათმცოდნეობა
653 _aინჟინერია
942 _2udc
_cᲬᲘᲒᲜᲘ